Subject index to books for intermediate grades (Record no. 1342066)

MARC details
000 -LEADER
fixed length control field 00632nam a2200217Ia 4500
005 - DATE AND TIME OF LATEST TRANSACTION
control field 20250508153327.0
008 - FIXED-LENGTH DATA ELEMENTS--GENERAL INFORMATION
fixed length control field 008 250505s9999 xx 000 0 eng d
037 ## - SOURCE OF ACQUISITION
Stock number Textual
040 ## - CATALOGING SOURCE
Original cataloging agency FEDL
Language of cataloging eng
Transcribing agency FEDL
041 ## - LANGUAGE CODE
Language code of text/sound track or separate title eng
Source of code eng
084 ## - COLON CLASSIFICATION NUMBER
Classification number 028.5, AME
Assigning agency FEDL
100 ## - MAIN ENTRY--PERSONAL NAME
Personal name Rue Eloise Co.
9 (RLIN) 763707
245 #0 - TITLE STATEMENT
Title Subject index to books for intermediate grades
245 #0 - TITLE STATEMENT
Statement of responsibility, etc. American Library Association
250 ## - EDITION STATEMENT
Edition statement 2nd
260 ## - PUBLICATION, DISTRIBUTION, ETC.
Place of publication, distribution, etc. Chicago
Name of publisher, distributor, etc. American Library Association
Date of publication, distribution, etc. 1950
300 ## - PHYSICAL DESCRIPTION
Extent LxxIx,493p.
650 ## - SUBJECT ADDED ENTRY--TOPICAL TERM
Topical term or geographic name entry element Subject Index-ALA
9 (RLIN) 763708
942 ## - ADDED ENTRY ELEMENTS (KOHA)
Koha item type Textual
Classification part 028.5, AME
Holdings
Withdrawn status Lost status Damaged status Not for loan Home library Current library Date acquired Total Checkouts Full call number Barcode Date last seen Price effective from Koha item type
        Department of Education Library Department of Education Library 2025-05-08   028.5, AME EL0025111 2025-05-08 2025-05-08 Textual
Copyright @ Delhi University Library System